Prefecture-level cities of Guangdong - Statistics

General Stats
  • This quiz has been taken 20 times
  • The average score is 15 of 21
Answer Stats
Answer % Correct
Guangzhou
100%
Dongguan
94%
Shenzhen
94%
Foshan
88%
Zhongshan
88%
Shantou
81%
Zhuhai
81%
Jiangmen
75%
Maoming
75%
Qingyuan
75%
Zhanjiang
75%
Chaozhou
69%
Huizhou
69%
Jieyang
69%
Meizhou
69%
Heyuan
56%
Yangjiang
56%
Zhaoqing
56%
Shanwei
50%
Shaoguan
44%
Yunfu
38%
No matching quizzes found
Score Distribution
Percent of People with Each Score
Percentile by Number Answered
Your Score History
You have not taken this quiz